LIBRARY & INFORMATION CENTRE, KCAET, TAVANUR

ONLINE PUBLIC ACCESS CATALOGUE (OPAC)

Marketing / (Record no. 10794)

MARC details
000 -LEADER
fixed length control field 00442cam a2200181ua 4500
020 ## - INTERNATIONAL STANDARD BOOK NUMBER
ISBN 81-219-0427-7
041 ## - LANGUAGE CODE
Language code of text/sound track or separate title eng
082 ## - DEWEY DECIMAL CLASSIFICATION NUMBER
Classification number 658.8
Item number PIL/MA
100 ## - MAIN ENTRY--AUTHOR NAME
Personal name Pillai, R S N .
245 ## - TITLE STATEMENT
Title Marketing /
260 ## - PUBLICATION, DISTRIBUTION, ETC. (IMPRINT)
Place of publication New Delhi :
Name of publisher S.Chand and Co ,
Year of publication 1996.
300 ## - PHYSICAL DESCRIPTION
Number of Pages 478 ; .
700 1# - ADDED ENTRY--PERSONAL NAME
Personal name Bagavathi, .
942 ## - ADDED ENTRY ELEMENTS (KOHA)
Koha item type Books
Holdings
Withdrawn status Lost status Damaged status Home library Current library Date acquired Full call number Accession Number Koha item type
      KAUAET KAUAET 07/04/2012 658.8 PIL/MA 19399 Books
free website counter